Des diverses méthodes d'exploration de la poitrine, et de leur application au diagnostic de ses maladies / par V. Collin, Docteur en médecine de la Faculté de Paris, ancien interne des hôpitaux civils de la même ville

Detalles Bibliográficos
Autor principal: Collin, Victor
Formato: Libro
Lenguaje:French
Publicado: a Paris : chez J.- B. Baillièr, libraire de l'Académie Royale de Médecine et du Collège Royal des Chirurgiens de Londres, rue de l'École-de- Médecine, n° 13 bis ; Londres, rue de l'École-de-Médecine, n° 13 bis; Londres, même Maison, 219, Regent-street ; Bruxelles, au Dépôt de la librairie médicale française, 1831.
Edición:Deuxième édition
Materias:
Colección:Banco de datos
Acervo:Universidad Autónoma Benito Juárez de Oaxaca. Biblioteca Francisco de Burgoa. Colección histórica
Descripción Física:VII, 109, III p. ; 21 cm.
Tema general:Medicina
Notas:Portada tipográfica con pleca. Texto a renglón seguido con paginación en números arábigos y romanos, notas a pie de página, cornisas y signaturas. Propiedad intelectual: Imprimerie de Lachevardiere, rue du Columbiere, N° 30, a Paris. Encuadernación en papel. Sello en tinta de la Biblioteca Pública del Estado de Oaxaca, Oax. Daños por humedad. Daños en la encuadernación, tapa superior desprendida
LEADER 01686nam a22002050004500
035 |a 3006 
041 0 |a fre 
100 1 |a Collin, Victor 
245 1 0 |a Des diverses méthodes d'exploration de la poitrine, et de leur application au diagnostic de ses maladies / par V. Collin, Docteur en médecine de la Faculté de Paris, ancien interne des hôpitaux civils de la même ville 
250 |a Deuxième édition 
260 |a a Paris : chez J.- B. Baillièr, libraire de l'Académie Royale de Médecine et du Collège Royal des Chirurgiens de Londres, rue de l'École-de- Médecine, n° 13 bis ; Londres, rue de l'École-de-Médecine, n° 13 bis; Londres, même Maison, 219, Regent-street ; Bruxelles, au Dépôt de la librairie médicale française, 1831. 
300 |a VII, 109, III p. ; 21 cm. 
500 |a Portada tipográfica con pleca. Texto a renglón seguido con paginación en números arábigos y romanos, notas a pie de página, cornisas y signaturas. Propiedad intelectual: Imprimerie de Lachevardiere, rue du Columbiere, N° 30, a Paris. Encuadernación en papel. Sello en tinta de la Biblioteca Pública del Estado de Oaxaca, Oax. Daños por humedad. Daños en la encuadernación, tapa superior desprendida  
504 |a Al principio de la obra está el catálogo de publicaciones en venta de la casa impresora 
504 |a Al final de la obra está el índice de materias 
650 1 0 |a Medicina 
852 |a Universidad Autónoma "Benito Juárez" de Oaxaca, Biblioteca Francisco de Burgoa, Colección histórica 18518 
942 |c BURHIS 
943 |g Universidad Autónoma Benito Juárez de Oaxaca. Biblioteca Francisco de Burgoa. Colección histórica 
999 |c 1121849  |d 1121849